[Event "Koge op"]
[Site "Koge"]
[Date "2021.08.22"]
[Round "4"]
[White "Pedersen, Hans Dahl"]
[Black "Kristensen, Ole Fjeldgaard"]
[Result "1-0"]
[WhiteElo "2177"]
[BlackElo "1823"]
[PlyCount "74"]
[EventDate "2021.08.22"]
[EventType "swiss (rapid)"]
[EventRounds "7"]
[EventCountry "DEN"]
[SourceTitle "EXT 2025"]
[Source "ChessBase"]
[SourceDate "2024.10.14"]
[SourceVersion "1"]
[SourceVersionDate "2024.10.14"]
[SourceQuality "1"]

1. c4 Nf6 2. g3 g6 3. Bg2 Bg7 4. Nc3 d6 5. e4 e5 6. Nge2 0-0 7. d3 Nbd7 8. 0-0 c6 9. h3 Ne8 10. Be3 f5 11. Qd2 Rf7 12. f4 Ndf6 13. exf5 gxf5 14. fxe5 dxe5 15. d4 Qa5 16. c5 Qc7 17. dxe5 Qxe5 18. Bd4 Qe7 19. Rae1 Ne4 20. Nxe4 fxe4 21. Nc3 Rxf1+ 22. Rxf1 Be6 23. Bxg7 Nxg7 24. Nxe4 Bxa2 25. b4 Bc4 26. Rf2 Rd8 27. Qh6 Bd3 28. Nf6+ Kh8 29. Kh2 Rf8 30. Ng4 Rxf2 31. Nxf2 Bg6 32. Qf4 a6 33. Ne4 h5 34. Qh6+ Bh7 35. Ng5 Nf5 36. Qxh5 Ne3 37. Be4 Qd8 1-0

[Event "Koge op"]
[Site "Koge"]
[Date "2021.08.22"]
[Round "7"]
[White "Pedersen, Hans Dahl"]
[Black "Petersen, Daniel"]
[Result "1-0"]
[WhiteElo "2177"]
[BlackElo "1783"]
[PlyCount "46"]
[EventDate "2021.08.22"]
[EventType "swiss (rapid)"]
[EventRounds "7"]
[EventCountry "DEN"]
[SourceTitle "EXT 2025"]
[Source "ChessBase"]
[SourceDate "2024.10.14"]
[SourceVersion "1"]
[SourceVersionDate "2024.10.14"]
[SourceQuality "1"]

1. c4 c5 2. g3 Nc6 3. Bg2 g6 4. Nc3 Bg7 5. e4 d6 6. Nge2 e6 7. 0-0 Nge7 8. d3 0-0 9. Bg5 h6 10. Be3 f5 11. Qd2 Kh7 12. Rad1 a6 13. b3 Rb8 14. d4 cxd4 15. Nxd4 Qc7 16. Nce2 Rd8 17. exf5 Nxf5 18. Nxf5 gxf5 19. Nf4 Ne5 20. Nh5 Ng4 21. Bd4 e5 22. Bb2 Be6 23. f4 Bh8 1-0

[Event "Koge op"]
[Site "Koge"]
[Date "2021.08.22"]
[Round "3"]
[White "Rasmussen, Allan Stig"]
[Black "Pedersen, Hans Dahl"]
[Result "1-0"]
[WhiteElo "2486"]
[BlackElo "2177"]
[PlyCount "75"]
[EventDate "2021.08.22"]
[EventType "swiss (rapid)"]
[EventRounds "7"]
[EventCountry "DEN"]
[SourceTitle "EXT 2025"]
[Source "ChessBase"]
[SourceDate "2024.10.14"]
[SourceVersion "1"]
[SourceVersionDate "2024.10.14"]
[SourceQuality "1"]

1. c4 c6 2. Nf3 d5 3. e3 Nf6 4. Nc3 a6 5. Qc2 g6 6. d4 Bg7 7. Bd2 Nbd7 8. cxd5 cxd5 9. Qb3 e6 10. Bd3 0-0 11. 0-0 Re8 12. Rac1 Nb6 13. a4 Nbd7 14. h3 Rb8 15. Rc2 b6 16. Na2 Bb7 17. Nb4 a5 18. Nc6 Bxc6 19. Rxc6 Rc8 20. Rfc1 Rxc6 21. Rxc6 Qa8 22. Qc2 Ne4 23. Bb5 Rd8 24. Rc7 Ndf6 25. Be1 Nd6 26. Ne5 Rc8 27. b4 Bf8 28. bxa5 bxa5 29. Rxc8 Nxc8 30. Qc7 Nd6 31. Bxa5 Nfe8 32. Bxe8 Qxe8 33. Bb4 Nc4 34. Bxf8 Nxe5 35. Bh6 Nc6 36. a5 Qa8 37. Qf4 f5 38. Qc7 1-0

[Event "Koge op"]
[Site "Koge"]
[Date "2021.08.22"]
[Round "5"]
[White "Wahlgreen, Noah Krug"]
[Black "Pedersen, Hans Dahl"]
[Result "0-1"]
[WhiteElo "1452"]
[BlackElo "2177"]
[PlyCount "50"]
[EventDate "2021.08.22"]
[EventType "swiss (rapid)"]
[EventRounds "7"]
[EventCountry "DEN"]
[SourceTitle "EXT 2025"]
[Source "ChessBase"]
[SourceDate "2024.10.14"]
[SourceVersion "1"]
[SourceVersionDate "2024.10.14"]
[SourceQuality "1"]

1. e4 c5 2. Nf3 e6 3. d4 cxd4 4. Nxd4 a6 5. Nc3 Qc7 6. Bd3 Nf6 7. f4 d6 8. 0-0 b5 9. Kh1 Bb7 10. Qf3 Nbd7 11. Nb3 h5 12. a4 b4 13. Ne2 d5 14. e5 Ne4 15. Bxe4 dxe4 16. Qe3 h4 17. f5 exf5 18. e6 fxe6 19. Ned4 Qe5 20. Qg5 h3 21. Qg6+ Ke7 22. Bf4 hxg2+ 23. Kxg2 e3+ 24. Kg1 Qe4 25. Nf3 Qxf4 0-1

[Event "Faxe Dags op"]
[Site "Faxe"]
[Date "2016.04.13"]
[Round "3"]
[White "Pedersen, Hans Dahl"]
[Black "Petersen, Bent Wester"]
[Result "1/2-1/2"]
[WhiteElo "2168"]
[BlackElo "1936"]
[PlyCount "56"]
[EventDate "2016.03.30"]
[EventType "swiss"]
[EventRounds "7"]
[EventCountry "DEN"]
[SourceTitle "EXT 2021"]
[Source "ChessBase"]
[SourceDate "2020.10.23"]
[SourceVersion "1"]
[SourceVersionDate "2020.10.23"]
[SourceQuality "1"]

1. c4 e5 2. g3 Nf6 3. Bg2 Bc5 4. Nc3 0-0 5. e3 Nc6 6. Nge2 a6 7. 0-0 d6 8. a3 Ne7 9. b4 Bb6 10. Nd5 Nexd5 11. cxd5 Bf5 12. d4 Re8 13. Bb2 e4 14. Nc3 Qd7 15. Qc2 Rac8 16. Rfe1 c6 17. dxc6 Rxc6 18. Qb3 d5 19. Na4 Bh3 20. Rac1 Bxg2 21. Kxg2 Rec8 22. Rxc6 Rxc6 23. Rc1 h5 24. h4 Ng4 25. Rxc6 Qxc6 26. Nxb6 Qxb6 27. Qc2 Qc6 28. Qe2 g6 1/2-1/2

[Event "Copenhagen Bronshoj op"]
[Site "Copenhagen"]
[Date "2016.??.??"]
[Round "7"]
[White "Akdag, Dara Sevkan"]
[Black "Pedersen, Hans Dahl"]
[Result "1-0"]
[WhiteElo "2182"]
[BlackElo "2190"]
[PlyCount "83"]
[EventDate "2016.02.12"]
[EventType "swiss"]
[EventRounds "7"]
[EventCountry "DEN"]
[SourceTitle "CBM 170 Extra"]
[Source "ChessBase"]
[SourceDate "2016.02.25"]
[SourceVersion "1"]
[SourceVersionDate "2016.02.25"]
[SourceQuality "1"]

1. d4 d5 2. Nf3 Nf6 3. c4 c6 4. e3 a6 5. b3 g6 6. Bb2 Bg7 7. Be2 Bg4 8. Nbd2 Nbd7 9. h3 Bxf3 10. Bxf3 0-0 11. 0-0 Re8 12. Qc2 e5 13. dxe5 Nxe5 14. Be2 Qe7 15. Rad1 Rad8 16. Nf3 Ne4 17. cxd5 cxd5 18. Bd4 Nc6 19. Bxg7 Kxg7 20. Bxa6 d4 21. Bb5 dxe3 22. fxe3 Nd6 23. Bxc6 Qxe3+ 24. Kh1 bxc6 25. Rfe1 Qf4 26. Qc3+ Kg8 27. Rxe8+ Rxe8 28. Qxc6 Re6 29. Qc1 Qg3 30. Qg5 Qf2 31. Qh4 Qxh4 32. Nxh4 Ne4 33. Rc1 Ng5 34. Rc2 Re3 35. Kh2 Kg7 36. Rb2 Kh6 37. b4 Kh5 38. Nf3 Nxf3+ 39. gxf3 Rxf3 40. b5 f5 41. b6 Kh4 42. b7 1-0

[Event "Koge Xtracon op"]
[Site "Koge"]
[Date "2015.10.12"]
[Round "1"]
[White "Nielsen, Kai Gylling"]
[Black "Pedersen, Hans Dahl"]
[Result "0-1"]
[WhiteElo "1755"]
[BlackElo "2187"]
[PlyCount "68"]
[EventDate "2015.10.12"]
[EventType "swiss"]
[EventRounds "9"]
[EventCountry "DEN"]
[SourceTitle "CBM 168 Extra"]
[Source "ChessBase"]
[SourceDate "2015.10.29"]
[SourceVersion "1"]
[SourceVersionDate "2015.10.29"]
[SourceQuality "1"]

1. e4 c5 2. Nf3 e6 3. d4 cxd4 4. Nxd4 a6 5. Bd3 Nf6 6. Nd2 Qc7 7. Qe2 d6 8. 0-0 Be7 9. c3 Nbd7 10. N2f3 b6 11. Bd2 Bb7 12. Ng5 Nc5 13. f3 h6 14. Nh3 Nxd3 15. Qxd3 0-0 16. Rfe1 Nd7 17. Rad1 Ne5 18. Qe2 Bf6 19. Bc1 Rac8 20. f4 Nc4 21. b3 Na5 22. e5 Be7 23. Rd3 Nc6 24. exd6 Nxd4 25. dxc7 Nxe2+ 26. Rxe2 Rxc7 27. Be3 b5 28. Red2 Bf6 29. Bd4 Bxd4+ 30. cxd4 Rfc8 31. Re3 a5 32. Nf2 Rc1+ 33. Nd1 R8c2 34. Ree2 Rxd1+ 0-1

[Event "Borup Skovbo op"]
[Site "Borup"]
[Date "2014.09.07"]
[Round "4"]
[White "Pedersen, Hans Dahl"]
[Black "Kristensen, Bjarke Hautop"]
[Result "1/2-1/2"]
[WhiteElo "2178"]
[BlackElo "1936"]
[PlyCount "86"]
[EventDate "2014.09.05"]
[EventType "swiss"]
[EventRounds "9"]
[EventCountry "DEN"]
[SourceTitle "CBM 162 Extra"]
[Source "ChessBase"]
[SourceDate "2014.10.17"]
[SourceVersion "1"]
[SourceVersionDate "2014.10.17"]
[SourceQuality "1"]

1. c4 c5 2. g3 g6 3. Bg2 Bg7 4. Nc3 e6 5. a3 Ne7 6. b4 d5 7. cxd5 exd5 8. Rb1 0-0 9. Bb2 Bf5 10. Rc1 c4 11. Na4 Bxb2 12. Nxb2 Nbc6 13. d3 b5 14. e4 dxe4 15. dxc4 Qxd1+ 16. Rxd1 bxc4 17. Nxc4 Be6 18. Ne3 f5 19. Nh3 Rfd8 20. 0-0 Nd4 21. Nf4 Bb3 22. Rb1 Rac8 23. h4 Rc3 24. Rfc1 Rdc8 25. Rxc3 Rxc3 26. Nd1 Rc2 27. Ra1 Nec6 28. Ne3 Ra2 29. Rxa2 Bxa2 30. Bf1 Ne5 31. a4 Kf7 32. b5 Ke7 33. Nfd5+ Kd6 34. Nc3 Bb3 35. a5 Kc5 36. a6 Nd3 37. g4 Be6 38. h5 Nxb5 39. gxf5 gxf5 40. Nxb5 Kxb5 41. Bh3 Nf4 42. Bf1+ Nd3 43. Bh3 Nf4 1/2-1/2

[Event "Borup Skovbo op"]
[Site "Borup"]
[Date "2014.09.05"]
[Round "1"]
[White "Skytte, Rasmus"]
[Black "Pedersen, Hans Dahl"]
[Result "1/2-1/2"]
[WhiteElo "2430"]
[BlackElo "2178"]
[PlyCount "171"]
[EventDate "2014.09.05"]
[EventType "swiss"]
[EventRounds "9"]
[EventCountry "DEN"]
[SourceTitle "CBM 162 Extra"]
[Source "ChessBase"]
[SourceDate "2014.10.17"]
[SourceVersion "1"]
[SourceVersionDate "2014.10.17"]
[SourceQuality "1"]

1. e4 c5 2. Nc3 e6 3. Nge2 a6 4. g3 b5 5. Bg2 Bb7 6. 0-0 d6 7. d4 Nd7 8. dxc5 dxc5 9. Nf4 b4 10. Nb1 Ngf6 11. Qe2 Qc7 12. Nd2 Be7 13. Re1 Ne5 14. Nd3 Nfd7 15. Nxe5 Nxe5 16. Nc4 Nxc4 17. Qxc4 0-0 18. c3 Rac8 19. Bf4 Qc6 20. Rac1 a5 21. cxb4 axb4 22. Be3 Rfd8 23. Red1 Rxd1+ 24. Rxd1 Qa6 25. Qxa6 Bxa6 26. Rd7 Kf8 27. b3 Ke8 28. Ra7 Bb5 29. e5 Bc6 30. Bxc6+ Rxc6 31. Kf1 c4 32. bxc4 Rxc4 33. Ke2 Rc2+ 34. Kd1 Rc8 35. f4 Bc5 36. Bxc5 Rxc5 37. Ra4 Rc4 38. a3 Rd4+ 39. Ke2 Rc4 40. Kd2 Rc3 41. axb4 Rb3 42. Kc2 Rf3 43. Ra8+ Kd7 44. b5 Kc7 45. Ra7+ Kb6 46. Rxf7 g5 47. Rf6 gxf4 48. Rxf4 Re3 49. Rh4 Kxb5 50. Rxh7 Rxe5 51. Kd3 Kc5 52. Rd7 Re1 53. Kd2 Rh1 54. h4 Rg1 55. Rg7 Kd4 56. Rg4+ Ke5 57. Ke3 Ra1 58. Rf4 Ra3+ 59. Kf2 Kd5 60. h5 e5 61. Rh4 Ra2+ 62. Kf3 Ra3+ 63. Kg2 Ra2+ 64. Kh3 Ke6 65. h6 Ra8 66. Kg2 Ra2+ 67. Kf3 Ra3+ 68. Kg2 Ra2+ 69. Kh3 Ra8 70. h7 Rh8 71. Kg4 Kf6 72. Kf3 Kg6 73. Rg4+ Kf6 74. Rh4 Kg6 75. Ke4 Rxh7 76. Rxh7 Kxh7 77. Kxe5 Kg6 78. Kf4 Kf6 79. g4 Kg6 80. g5 Kg7 81. Kf5 Kf7 82. g6+ Kg7 83. Kg5 Kg8 84. Kh6 Kh8 85. g7+ Kg8 86. Kg6 1/2-1/2

[Event "Faxe anniversity"]
[Site "Faxe"]
[Date "2014.05.21"]
[Round "7"]
[White "Pedersen, Hans Dahl"]
[Black "Lindskov, Villy"]
[Result "1/2-1/2"]
[WhiteElo "2158"]
[BlackElo "1814"]
[PlyCount "29"]
[EventDate "2014.03.26"]
[EventType "swiss"]
[EventRounds "7"]
[EventCountry "DEN"]
[SourceTitle "EXT 2023"]
[Source "ChessBase"]
[SourceDate "2022.10.05"]
[SourceVersion "1"]
[SourceVersionDate "2022.10.05"]
[SourceQuality "1"]

1. c4 e5 2. g3 d6 3. Bg2 g6 4. Nc3 Bg7 5. d3 Ne7 6. e4 c6 7. Nge2 0-0 8. 0-0 f5 9. Be3 Na6 10. Qd2 Be6 11. b3 Nc7 12. Bg5 Qd7 13. d4 Bf6 14. Bxf6 Rxf6 15. Rad1 1/2-1/2

[Event "Faxe Eftermiddag-A"]
[Site "Faxe"]
[Date "2013.10.30"]
[Round "5"]
[White "Pedersen, Hans Dahl"]
[Black "Petersen, Bent Wester"]
[Result "1/2-1/2"]
[WhiteElo "2166"]
[BlackElo "1865"]
[PlyCount "23"]
[EventDate "2013.09.25"]
[EventType "tourn"]
[EventRounds "5"]
[EventCountry "DEN"]
[SourceTitle "EXT 2023"]
[Source "ChessBase"]
[SourceDate "2022.10.05"]
[SourceVersion "1"]
[SourceVersionDate "2022.10.05"]
[SourceQuality "1"]

1. c4 e5 2. g3 d6 3. Bg2 Nc6 4. Nc3 g6 5. d3 Bg7 6. e4 f5 7. Nge2 Nf6 8. Nd5 0-0 9. 0-0 Rb8 10. Bg5 Qd7 11. Rc1 Qf7 12. f3 1/2-1/2

[Event "Koge Xtracon op"]
[Site "Koge"]
[Date "2013.10.20"]
[Round "9"]
[White "Pedersen, Hans Dahl"]
[Black "Jorgensen, Mikkel"]
[Result "1-0"]
[WhiteElo "2187"]
[BlackElo "1866"]
[PlyCount "63"]
[EventDate "2013.10.14"]
[EventType "swiss"]
[EventRounds "9"]
[EventCountry "DEN"]
[SourceTitle "EXT 2014"]
[Source "ChessBase"]
[SourceDate "2013.11.20"]
[SourceVersion "1"]
[SourceVersionDate "2013.11.20"]
[SourceQuality "1"]

1. c4 e5 2. g3 Nf6 3. Bg2 d6 4. Nc3 c6 5. d4 Nbd7 6. Nf3 Be7 7. 0-0 0-0 8. e3 Ne8 9. c5 exd4 10. cxd6 Nxd6 11. exd4 Nf6 12. Re1 Re8 13. Ne5 Be6 14. d5 cxd5 15. Nxd5 Nxd5 16. Bxd5 Bf6 17. Bf4 Qa5 18. Bxe6 Rxe6 19. Ng4 Qxe1+ 20. Qxe1 Rxe1+ 21. Rxe1 Ne8 22. b3 Bc3 23. Re7 b5 24. Ne5 Nf6 25. Rb7 Re8 26. Nxf7 Nd5 27. Nd6 Re1+ 28. Kg2 Nxf4+ 29. gxf4 h6 30. Nxb5 Bf6 31. Rxa7 Bh4 32. Nd4 1-0

[Event "Koge Xtracon op"]
[Site "Koge"]
[Date "2013.10.19"]
[Round "7"]
[White "Pedersen, Hans Dahl"]
[Black "Percivaldi, Martin"]
[Result "1/2-1/2"]
[WhiteElo "2187"]
[BlackElo "2191"]
[PlyCount "93"]
[EventDate "2013.10.14"]
[EventType "swiss"]
[EventRounds "9"]
[EventCountry "DEN"]
[SourceTitle "EXT 2014"]
[Source "ChessBase"]
[SourceDate "2013.11.20"]
[SourceVersion "1"]
[SourceVersionDate "2013.11.20"]
[SourceQuality "1"]

1. c4 c6 2. g3 d5 3. Nf3 Nf6 4. Bg2 Bf5 5. cxd5 cxd5 6. Qb3 Qc8 7. Nc3 e6 8. Nh4 Bg6 9. d3 Nc6 10. 0-0 Be7 11. Bg5 0-0 12. Rac1 Qd7 13. Nxg6 hxg6 14. e3 Rac8 15. Qa4 Rfe8 16. d4 a6 17. a3 Nb8 18. b4 Rxc3 19. Qxd7 Nfxd7 20. Rxc3 Bxg5 21. Rc7 b5 22. Rfc1 Nb6 23. Bf1 Nc4 24. a4 Be7 25. axb5 axb5 26. Rb7 Nc6 27. Rxb5 Nxb4 28. Bxc4 Rc8 29. Rb7 Bf8 30. Rb1 Rxc4 31. Rb8 f6 32. Ra1 Kf7 33. Ra7+ Be7 34. Rbb7 Nc6 35. Ra6 Nd8 36. Rd7 Rc8 37. Raa7 Nc6 38. Rab7 Ke8 39. h4 Bf8 40. Kg2 Nb8 41. Rf7 Rd8 42. Rfc7 Nd7 43. Rc6 Kf7 44. Rcc7 Ke8 45. Rc6 Kf7 46. Rcc7 Ke8 47. Rc6 1/2-1/2

[Event "Koge Xtracon op"]
[Site "Koge"]
[Date "2013.10.15"]
[Round "2"]
[White "Johansson, Alexander"]
[Black "Pedersen, Hans Dahl"]
[Result "0-1"]
[WhiteElo "2049"]
[BlackElo "2187"]
[PlyCount "114"]
[EventDate "2013.10.14"]
[EventType "swiss"]
[EventRounds "9"]
[EventCountry "DEN"]
[SourceTitle "EXT 2014"]
[Source "ChessBase"]
[SourceDate "2013.11.20"]
[SourceVersion "1"]
[SourceVersionDate "2013.11.20"]
[SourceQuality "1"]

1. d4 d5 2. Nc3 Nf6 3. Bg5 Nbd7 4. f3 c6 5. e4 h6 6. Bh4 Qa5 7. e5 Ng8 8. e6 fxe6 9. Qd3 e5 10. Qg6+ Kd8 11. Nge2 Ngf6 12. 0-0-0 exd4 13. Nxd4 Ne5 14. Qg3 Nf7 15. Bxf6 gxf6 16. Bc4 Qc7 17. Qh4 Nd6 18. Bd3 Rg8 19. g4 Rg5 20. Bf5 Nxf5 21. gxf5 Bxf5 22. Ne4 Qe5 23. Nxg5 fxg5 24. Rhe1 Qf6 25. Qf2 Bg7 26. Qe3 Bd7 27. c3 e5 28. Ne2 Kc7 29. Kb1 b6 30. Ka1 Rf8 31. Rf1 Bh3 32. Rf2 Bd7 33. Rh1 Rf7 34. a3 Bf8 35. b4 Bg7 36. Rd1 Be6 37. Qd3 Kb7 38. Rdf1 Bf5 39. Qd1 Rd7 40. Ng3 Bg6 41. Qb3 Bf7 42. Rb2 h5 43. b5 c5 44. Qd1 Bg6 45. Ne4 Qe7 46. Rd2 d4 47. c4 Bh6 48. Ra2 Qe6 49. Qa4 Kb8 50. Qb3 Rf7 51. Qd3 Rf4 52. a4 Qf7 53. Re2 g4 54. a5 Rxf3 55. Ref2 Rxf2 56. Rxf2 Qxf2 57. Qb1 Qe3 0-1

[Event "Koge Niels Juel Cup"]
[Site "Koge"]
[Date "2013.04.26"]
[Round "9"]
[White "Pedersen, Nicolai Vesterbaek"]
[Black "Pedersen, Hans Dahl"]
[Result "1/2-1/2"]
[WhiteElo "2413"]
[BlackElo "2174"]
[PlyCount "99"]
[EventDate "2013.04.20"]
[EventType "swiss"]
[EventRounds "10"]
[EventCountry "DEN"]
[SourceTitle "CBM 154 Extra"]
[Source "ChessBase"]
[SourceDate "2013.06.25"]
[SourceVersion "2"]
[SourceVersionDate "2013.06.25"]
[SourceQuality "1"]

1. Nf3 d5 2. g3 Nf6 3. Bg2 c6 4. c4 e6 5. d4 Bd6 6. Nc3 Nbd7 7. Qd3 0-0 8. 0-0 dxc4 9. Qxc4 e5 10. Be3 Ng4 11. Bg5 Be7 12. Bxe7 Qxe7 13. h3 exd4 14. Qxd4 Nge5 15. Nxe5 Qxe5 16. Rfd1 Re8 17. Ne4 Qxd4 18. Rxd4 Nb6 19. Nc5 Rb8 20. a4 Be6 21. Rb4 Re7 22. Rd1 Nd5 23. Bxd5 cxd5 24. e4 dxe4 25. Nxe6 fxe6 26. Rxe4 Rc8 27. Rf4 g6 28. Rd2 Kg7 29. Kg2 Rc5 30. Kf3 Rf5 31. g4 Re5 32. Re4 Kf6 33. h4 h6 34. b4 Rxe4 35. Kxe4 Rc7 36. f4 a5 37. Rd4 Rc1 38. bxa5 Re1+ 39. Kf3 h5 40. gxh5 gxh5 41. Re4 Rf1+ 42. Ke3 Kf5 43. Rb4 Ra1 44. Kd4 Rf1 45. Rb5+ Kxf4 46. Rxb7 e5+ 47. Kd5 Rd1+ 48. Kc4 Rc1+ 49. Kd3 e4+ 50. Kd2 1/2-1/2